000 01243nam a2200325 4500
001 471499392
003 OCoLC
005 20180530154624.0
008 091130s2009 nyua j 000 1 spa d
020 _a0545165814 (pbk.)
020 _a9780545165815 (pbk.)
040 _aDUQ
_cDUQ
_dJTJ
041 1 _aspa
_heng
100 1 _aLondon, Jonathan,
_d1947-
240 1 0 _aFroggy plays t-ball.
_lSpanish.
245 1 0 _aFroggy al bate /
_cJonathan London ; ilustrado por Frank Remkiewicz ; [translated by Madelca Dom©Ưnguez].
260 _aNew York :
_bScholastic,
_cc2009.
300 _a1 v. (unpaged) :
_bcol. ill. ;
_c21 x 26 cm.
500 _aOriginally published in English as: Froggy plays t-ball, c2007.
500 _a"Scholastic en espanol."
500 _a"This edition is available for distribution only through the school market"--P.[4] of cover.
520 _aFroggy looks forward to playing in his first T-ball game but finds it hard to remember the rules.
650 0 _aT-ball
_vJuvenile fiction.
650 0 _aFrogs
_vJuvenile fiction.
650 0 _aAnimals
_vJuvenile fiction.
650 0 _aSpanish language materials
_vJuvenile fiction.
700 1 _aRemkiewicz, Frank.
700 1 _aDominguez, Madelca.
942 _cBK
999 _c20821
_d20821